LEADER 01176nam a2200205 4500 001 000000353153 003 CaOOAMICUS 005 20230320100009.0 008 230320s1953 it 000 u ita r 040 $aSeMil$bita 110 0 $aIstituto Figlie di Maria Ausiliatrice.$0(OLS)http://semarc/name/117259 245 10$aMostra didattico professionale a celebrazione del Primo Centenario delle scuole professionali salesiane :$b1853 - Torino - 1953. Invito - Guida, 19 luglio - 12 settembre 1953 /$cIstituto Figlie di Maria Ausiliatrice. 264 1$aTorino :$bCasa Missionaria M. Mazzarello,$c1953. 300 $a1 v. :$bill. ;$c22 cm 650 4$aSalesiani - Attività educativa - Italia.$0(OLS)http://semarc/subject/38449 850 $aSeMil 852 $aSeMil$W1$xVenegono$y1$m5B III 5/28$j238724$B244375$CSeMilBibl$Z2$F244375 $81 996 $6245$aMostra didattico professionale a celebrazione del Primo Centenario delle scuole professionali salesiane :$b1853 - Torino - 1953. Invito - Guida, 19 luglio - 12 settembre 1953$9(OLS)http://semarc/title/443177 996 $6264$aTorino :$bCasa Missionaria M. Mazzarello$9(OLS)http://semarc/publisher/60869 LEADER 01225nam a2200301 i 4500 001 000000110802 003 CaOOAMICUS 005 20001216000000.0 008 001216s1991 it u000 u ita u 013 $a83483 020 $a88-7357-086-0 040 $aSeMil$bita 100 1 $aAlonso Schökel, Luis,$c.$0(OLS)http://semarc/name/1443 245 13$aLa missione di Mosè :$bmeditazioni bibliche /$cLuis Alonso Schökel ; Guillermo Gutiérrez. 260 $aRoma :$bAdP,$ccopyr. 1991. 300 $a176 p. ;$c21 cm. 490 0 $aBibbia e preghiera ;$v7 500 $aFondo Card. C.M. Martini. 650 4$aMosè - Meditazioni.$0(OLS)http://semarc/subject/9192 700 1 $aGutiérrez, Guillermo.$0(OLS)http://semarc/name/46439 830 0$aBibbia e preghiera ;$v7.$0(OLS)http://semarc/title/10788 850 $aSeMil 852 $aSeMil$W1$xVenegono$y1$m3F I 234$j66663$B66663$CSeMilBibl$Z2$F95019 $81 941 1 $a4 961 $aOmaggio: Martini Card. Carlo Maria 996 $6020$a88-7357-086-0$9(OLS)http://semarc/number/92733 996 $6245$aLa missione di Mosè :$bmeditazioni bibliche$9(OLS)http://semarc/title/161112 996 $6260$aRoma :$bAdP$9(OLS)http://semarc/publisher/32136